<?xml version="1.0" encoding="UTF-8"?>
<collection xmlns:xsi="http://www.w3.org/2001/XMLSchema-instance" xsi:schemaLocation="http://www.loc.gov/MARC21/slim http://www.loc.gov/standards/marcxml/schema/MARC21slim.xsd" xmlns="http://www.loc.gov/MARC21/slim">
 <record>
  <leader>00000ctm a22000003a 4500</leader>
  <controlfield tag="001">UP-8027390931314002537</controlfield>
  <controlfield tag="003">Buklod</controlfield>
  <controlfield tag="005">20260218115405.0</controlfield>
  <controlfield tag="006">m    |o  d |      </controlfield>
  <controlfield tag="007">ta</controlfield>
  <controlfield tag="008">171027s2016    xx     d     r    |||| u|</controlfield>
  <datafield tag="035" ind1=" " ind2=" ">
   <subfield code="a">(iLib)UPVIS-00050250011</subfield>
  </datafield>
  <datafield tag="040" ind1=" " ind2=" ">
   <subfield code="a">upv-gl</subfield>
  </datafield>
  <datafield tag="090" ind1=" " ind2="0">
   <subfield code="a">LG 994 2016 E3 C33</subfield>
  </datafield>
  <datafield tag="100" ind1="0" ind2=" ">
   <subfield code="a">Caday, Pamela S</subfield>
  </datafield>
  <datafield tag="245" ind1="1" ind2="0">
   <subfield code="a">Paglinang ng mga aralin batay sa lokal na kultura bilang suplemental na kagamitang pampagtuturo sa Filipino baitang 7</subfield>
   <subfield code="c">Pamela s. Caday.</subfield>
  </datafield>
  <datafield tag="264" ind1=" " ind2="1">
   <subfield code="a">Iloilo City</subfield>
   <subfield code="b">Unibersidad ng Pilipinas Visayas</subfield>
   <subfield code="c">2016.</subfield>
  </datafield>
  <datafield tag="300" ind1=" " ind2=" ">
   <subfield code="a">166 leaves</subfield>
  </datafield>
  <datafield tag="500" ind1=" " ind2=" ">
   <subfield code="a">Special Problem (M. Ed.-Filipino) -- Unibersidad ng Pilipinas Visayas, Setyembre 2016.</subfield>
  </datafield>
  <datafield tag="520" ind1="3" ind2=" ">
   <subfield code="a">Layunin ng pag-aaral na ito na makalinang ng mga aralin base sa lokal na kultura bilang suplemental na kagamitang pampagtuturo sa Filipino baitang 7.  Bilang panimulang gawain, tinukoy ang sampung pinakatampok na sagisag kultura sa bayan ng Santa Barbara at ang unang limang sagisaf kultura ay ginamit bilang batayan sa paglinang ng mga banghay ng pagtuturo ayon sa K to 12 Gabay Oangkurikulum 2013.  Paraang palarawan ang metodo ng pag-aaral.  tiniyak ng tatlong dalubhasa ang kahusayan ng mga banghay ng pagtuturo sa pamamagian ng talatanungan na ibinatay sa Krayterya ng 2015 Lesson Exemplar Kompetisyon ng NCCA PCEP na naglalarawan sa mga sumusunod na aspekto : a) pagkatutong pangnilalaman, b) proseso ng pagtuturo-pagkatuto at ang inaasahang matatamo at c) mga kagamitan sa pagkatuto.  Ang talatanungan ay nagtiyak sa kahusayan ng banghay ng pagtuturo sa apat na antas: &quot;Napakahusay&quot;, &quot;Mahusay&quot;, &quot;Katamtaman&quot; at &quot;Mahina&quot;. Ang estadistikang ginamit sa pagtiyak ng kahusayan ng banghay ay ang katampatang-tuos. Batay sa kinalabasan ng pagtaya, ipinahayag ng mga dalubhasa na sa kabuuang aspekto ay napakahusay ang nalinang na limang banghay ng pagtuturo na pinatunayan ng pinagsamang katampatang-tuos na (M=3.73). Malinaw na napakahusay ang mga nalinang na banghay ng pagtuturo dahil sa naibatay nang maayos, malinaw at mahusay ang mga sagisag kultura sa mga aralin sa Filipino sa baitang 7.</subfield>
  </datafield>
  <datafield tag="650" ind1="1" ind2="0">
   <subfield code="a">Culture</subfield>
   <subfield code="x">Study and teaching (Secondary)</subfield>
   <subfield code="z">Philippines.</subfield>
  </datafield>
  <datafield tag="852" ind1="0" ind2=" ">
   <subfield code="a">UPVIS</subfield>
   <subfield code="b">UPV-GL</subfield>
   <subfield code="h">LG 994 2016 E3 C33</subfield>
  </datafield>
  <datafield tag="852" ind1="0" ind2=" ">
   <subfield code="a">UPVIS</subfield>
   <subfield code="b">UPV-ML</subfield>
   <subfield code="h">LG 994 2016 E3 C33</subfield>
  </datafield>
  <datafield tag="942" ind1=" " ind2=" ">
   <subfield code="a">Thesis</subfield>
  </datafield>
 </record>
</collection>
